Name all MCC participants in Season 4 - Statistics

General Stats
  • This quiz has been taken 830 times
  • The average score is 206 of 318
Answer Stats
Event Team Player % Correct
Season 4 Kick-Off Purple Pandas Smajor1995
93%
Pride 2024 Orange Ocelots Smajor1995
93%
Twitch Rivals Europe Yellow Yaks Smajor1995
93%
The Ender Cup Purple Pandas Smajor1995
93%
Twitch Rivals San Diego Green Geckos Smajor1995
93%
Haunted Hoedown Red Ravens Smajor1995
93%
Party 2 Orange Ocelots Smajor1995
93%
The Ender Cup Lime Llamas Grian
92%
Haunted Hoedown Green Goblins Grian
92%
Party 2 Pink Parrots Grian
92%
Season 4 Kick-Off Green Geckos Smallishbeans
91%
The Ender Cup Lime Llamas Smallishbeans
91%
Twitch Rivals San Diego Cyan Coyotes Smallishbeans
91%
Haunted Hoedown Green Goblins Smallishbeans
91%
Party 2 Pink Parrots Smallishbeans
91%
Season 4 Kick-Off Pink Parrots impulseSV
89%
The Ender Cup Lime Llamas impulseSV
89%
Twitch Rivals San Diego Yellow Yaks impulseSV
89%
Haunted Hoedown Mustard Mummies impulseSV
89%
Party 2 Orange Ocelots impulseSV
89%
Season 4 Kick-Off Red Rabbits Feinberg
88%
Twitch Rivals San Diego Lime Llamas Feinberg
88%
Haunted Hoedown Blue Banshees Feinberg
88%
Party 2 Aqua Axolotls Feinberg
88%
Season 4 Kick-Off Yellow Yaks fruitberries
88%
Twitch Rivals Europe Lime Llamas fruitberries
88%
The Ender Cup Green Geckos fruitberries
88%
Twitch Rivals San Diego Yellow Yaks fruitberries
88%
Party 2 Blue Bats fruitberries
88%
Season 4 Kick-Off Orange Ocelots SolidarityGaming
87%
The Ender Cup Yellow Yaks SolidarityGaming
87%
Party 2 Pink Parrots SolidarityGaming
87%
Pride 2024 Aqua Axolotls GeminiTay
86%
The Ender Cup Orange Ocelots GeminiTay
86%
Twitch Rivals San Diego Orange Ocelots GeminiTay
86%
Party 2 Orange Ocelots GeminiTay
86%
Season 4 Kick-Off Pink Parrots Skizzleman
86%
Twitch Rivals San Diego Yellow Yaks Skizzleman
86%
Haunted Hoedown Blue Banshees Skizzleman
86%
Party 2 Blue Bats Skizzleman
86%
Pride 2024 Pink Parrots Tubbo
86%
Twitch Rivals Europe Pink Parrots Tubbo
86%
The Ender Cup Blue Bats Tubbo
86%
Twitch Rivals San Diego Aqua Axolotls Tubbo
86%
Season 4 Kick-Off Green Geckos FireBreathMan
85%
Twitch Rivals Europe Orange Ocelots FireBreathMan
85%
The Ender Cup Yellow Yaks FireBreathMan
85%
Twitch Rivals San Diego Pink Parrots FireBreathMan
85%
Haunted Hoedown Mustard Mummies FireBreathMan
85%
Rising 3 Lime Llamas HannahKate
85%
Season 4 Kick-Off Blue Bats hannahxxrose
85%
Pride 2024 Cyan Coyotes hannahxxrose
85%
The Ender Cup Orange Ocelots hannahxxrose
85%
Twitch Rivals San Diego Yellow Yaks hannahxxrose
85%
Haunted Hoedown Fuchsia Frankensteins hannahxxrose
85%
Party 2 Lime Llamas hannahxxrose
85%
Season 4 Kick-Off Purple Pandas jojosolos
85%
Pride 2024 Cyan Coyotes jojosolos
85%
Twitch Rivals Europe Yellow Yaks jojosolos
85%
The Ender Cup Aqua Axolotls jojosolos
85%
Haunted Hoedown Fuchsia Frankensteins jojosolos
85%
Party 2 Green Geckos jojosolos
85%
Rising 3 Green Geckos pearcups
85%
Season 4 Kick-Off Red Rabbits TheOrionSound
85%
Twitch Rivals Europe Aqua Axolotls TheOrionSound
85%
Twitch Rivals San Diego Cyan Coyotes TheOrionSound
85%
Haunted Hoedown Red Ravens TheOrionSound
85%
Party 2 Lime Llamas TheOrionSound
85%
Season 4 Kick-Off Cyan Coyotes Antfrost
84%
Pride 2024 Aqua Axolotls Antfrost
84%
Haunted Hoedown Cyan Centipedes Antfrost
84%
Party 2 Orange Ocelots Antfrost
84%
Season 4 Kick-Off Cyan Coyotes AntVenom
84%
Haunted Hoedown Aqua Abominations AntVenom
84%
Pride 2024 Red Rabbits Purpled
84%
The Ender Cup Pink Parrots Purpled
84%
Twitch Rivals San Diego Orange Ocelots Purpled
84%
Haunted Hoedown Lime Liches Purpled
84%
Party 2 Yellow Yaks Purpled
84%
Season 4 Kick-Off Green Geckos GoodTimesWithScar
83%
The Ender Cup Yellow Yaks GoodTimesWithScar
83%
Twitch Rivals San Diego Lime Llamas GoodTimesWithScar
83%
Party 2 Green Geckos GoodTimesWithScar
83%
Season 4 Kick-Off Lime Llamas HBomb94
83%
Pride 2024 Green Geckos HBomb94
83%
The Ender Cup Red Rabbits HBomb94
83%
Haunted Hoedown Green Goblins HBomb94
83%
Party 2 Purple Pandas HBomb94
83%
Pride 2024 Purple Pandas InTheLittleWood
83%
Haunted Hoedown Cyan Centipedes InTheLittleWood
83%
Party 2 Pink Parrots InTheLittleWood
83%
Season 4 Kick-Off Aqua Axolotls CaptainSparklez
81%
The Ender Cup Red Rabbits CaptainSparklez
81%
Haunted Hoedown Aqua Abominations CaptainSparklez
81%
Party 2 Blue Bats CaptainSparklez
81%
Season 4 Kick-Off Pink Parrots EthosLab
81%
Season 4 Kick-Off Red Rabbits Kara Corvus
81%
Pride 2024 Yellow Yaks Kara Corvus
81%
Haunted Hoedown Orange Oozes Kara Corvus
81%
Party 2 Lime Llamas Kara Corvus
81%
Season 4 Kick-Off Aqua Axolotls PeteZahHutt
81%
Twitch Rivals Europe Aqua Axolotls PeteZahHutt
81%
Haunted Hoedown Orange Oozes PeteZahHutt
81%
Party 2 Red Rabbits PeteZahHutt
81%
Season 4 Kick-Off Pink Parrots TangoTek
81%
Twitch Rivals San Diego Lime Llamas TangoTek
81%
The Ender Cup Blue Bats TommyInnit
81%
Season 4 Kick-Off Green Geckos Xisumavoid
81%
Pride 2024 Lime Llamas Xisumavoid
81%
Haunted Hoedown Fuchsia Frankensteins Xisumavoid
81%
Season 4 Kick-Off Lime Llamas cubfan135
80%
Twitch Rivals San Diego Cyan Coyotes cubfan135
80%
Haunted Hoedown Blue Banshees cubfan135
80%
Party 2 Red Rabbits cubfan135
80%
Season 4 Kick-Off Yellow Yaks FalseSymmetry
80%
Twitch Rivals Europe Lime Llamas FalseSymmetry
80%
The Ender Cup Red Rabbits FalseSymmetry
80%
Haunted Hoedown Cyan Centipedes FalseSymmetry
80%
The Ender Cup Cyan Coyotes Ph1LzA
80%
Haunted Hoedown Red Ravens Ph1LzA
80%
Party 2 Green Geckos Ph1LzA
80%
Season 4 Kick-Off Orange Ocelots Shadoune666
79%
Twitch Rivals Europe Green Geckos Shadoune666
79%
Twitch Rivals San Diego Red Rabbits Shadoune666
79%
Haunted Hoedown Aqua Abominations Shadoune666
79%
Party 2 Cyan Coyotes Shadoune666
79%
Pride 2024 Blue Bats Shubble
79%
Twitch Rivals Europe Yellow Yaks Shubble
79%
The Ender Cup Aqua Axolotls Shubble
79%
Twitch Rivals San Diego Pink Parrots Shubble
79%
Haunted Hoedown Red Ravens Shubble
79%
Party 2 Blue Bats Shubble
79%
Pride 2024 Cyan Coyotes aimsey
76%
Twitch Rivals Europe Pink Parrots aimsey
76%
The Ender Cup Orange Ocelots aimsey
76%
Pride 2024 Cyan Coyotes Pearlescentmoon
76%
The Ender Cup Purple Pandas PearlescentMoon
76%
Twitch Rivals San Diego Lime Llamas PearlescentMoon
76%
The Ender Cup Aqua Axolotls LDShadowLady
75%
Twitch Rivals Europe Cyan Coyotes Wolfeei
73%
Season 4 Kick-Off Red Rabbits ChilledChaos
72%
Twitch Rivals San Diego Pink Parrots ChilledChaos
72%
Twitch Rivals Europe Yellow Yaks highkeyhateme
72%
Season 4 Kick-Off Lime Llamas Seapeekay
72%
Twitch Rivals Europe Orange Ocelots Seapeekay
72%
The Ender Cup Cyan Coyotes Seapeekay
72%
Twitch Rivals San Diego Green Geckos Seapeekay
72%
Haunted Hoedown Violet Vampires Seapeekay
72%
Pride 2024 Orange Ocelots soupforeloise
72%
Twitch Rivals Europe Orange Ocelots soupforeloise
72%
The Ender Cup Blue Bats soupforeloise
72%
Haunted Hoedown Lime Liches soupforeloise
72%
Party 2 Purple Pandas soupforeloise
72%
Season 4 Kick-Off Cyan Coyotes ElainaExe
71%
Pride 2024 Aqua Axolotls ElainaExe
71%
The Ender Cup Cyan Coyotes ElainaExe
71%
Twitch Rivals San Diego Pink Parrots ElainaExe
71%
Haunted Hoedown Mustard Mummies ElainaExe
71%
Season 4 Kick-Off Aqua Axolotls fWhip
71%
The Ender Cup Purple Pandas fWhip
71%
Twitch Rivals San Diego Purple Pandas fWhip
71%
Party 2 Green Geckos fWhip
71%
Season 4 Kick-Off Purple Pandas bekyamon
70%
Twitch Rivals Europe Orange Ocelots bekyamon
70%
The Ender Cup Purple Pandas bekyamon
70%
Twitch Rivals San Diego Blue Bats bekyamon
70%
Party 2 Lime Llamas bekyamon
70%
Pride 2024 Pink Parrots Sneegsnag
70%
Twitch Rivals San Diego Red Rabbits Sneegsnag
70%
Haunted Hoedown Mustard Mummies Sneegsnag
70%
Party 2 Yellow Yaks Sneegsnag
70%
Season 4 Kick-Off Orange Ocelots OwengeJuice
69%
Twitch Rivals Europe Lime Llamas OwengeJuice
69%
Twitch Rivals San Diego Blue Bats OwengeJuice
69%
Haunted Hoedown Lime Liches OwengeJuice
69%
Party 2 Red Rabbits OwengeJuice
69%
Twitch Rivals San Diego Cyan Coyotes soupforeloise
68%
Pride 2024 Lime Llamas 5up
67%
Twitch Rivals Europe Cyan Coyotes 5up
67%
Haunted Hoedown Violet Vampires 5up
67%
Party 2 Red Rabbits BdoubleO100
67%
Haunted Hoedown Aqua Abominations ghostiefruit
67%
Party 2 Purple Pandas ghostiefruit
67%
Pride 2024 Yellow Yaks Snifferish
67%
Twitch Rivals Europe Cyan Coyotes Snifferish
67%
Party 2 Yellow Yaks Snifferish
67%
The Ender Cup Orange Ocelots CaptainPuffy
66%
Party 2 Aqua Axolotls CaptainPuffy
66%
Season 4 Kick-Off Orange Ocelots DarkEyebrows
66%
Pride 2024 Red Rabbits DarkEyebrows
66%
Twitch Rivals Europe Blue Bats DarkEyebrows
66%
The Ender Cup Cyan Coyotes DarkEyebrows
66%
Haunted Hoedown Violet Vampires DarkEyebrows
66%
Haunted Hoedown Cyan Centipedes rendog
66%
Party 2 Purple Pandas Rendog
66%
Season 4 Kick-Off Cyan Coyotes SmallAnt
66%
The Ender Cup Lime Llamas DanTDM
65%
Season 4 Kick-Off Yellow Yaks KryticZeuz
65%
Haunted Hoedown Blue Banshees KryticZeuz
65%
Season 4 Kick-Off Yellow Yaks vGumiho
65%
Pride 2024 Blue Bats vGumiho
65%
Twitch Rivals San Diego Green Geckos vGumiho
65%
Season 4 Kick-Off Purple Pandas Guqqie
64%
Pride 2024 Blue Bats Guqqie
64%
Twitch Rivals Europe Blue Bats Guqqie
64%
The Ender Cup Yellow Yaks Guqqie
64%
Twitch Rivals San Diego Red Rabbits Guqqie
64%
Season 4 Kick-Off Blue Bats Kratzy
64%
Pride 2024 Green Geckos Kratzy
64%
Twitch Rivals San Diego Blue Bats Kratzy
64%
Rising 3 Pink Parrots PrinceZam
64%
Rising 3 Pink Parrots ashswag
63%
Twitch Rivals Europe Blue Bats Couriway
63%
Twitch Rivals San Diego Aqua Axolotls Couriway
63%
The Ender Cup Pink Parrots ItzMasayoshi
63%
Twitch Rivals San Diego Orange Ocelots ItzMasayoshi
63%
Party 2 Aqua Axolotls BadBoyHalo
62%
Haunted Hoedown Fuchsia Frankensteins iJevin
62%
The Ender Cup Aqua Axolotls Aphmau
61%
Season 4 Kick-Off Aqua Axolotls Mythical Sausage
60%
Haunted Hoedown Orange Oozes Mythical Sausage
60%
The Ender Cup Green Geckos xChocoBars
60%
Twitch Rivals San Diego Orange Ocelots xChocoBars
60%
Pride 2024 Lime Llamas ZombieCleo
60%
Twitch Rivals San Diego Blue Bats DrGluon
59%
Party 2 Yellow Yaks DrGluon
59%
Season 4 Kick-Off Blue Bats Michaelmcchill
59%
Twitch Rivals San Diego Purple Pandas Michaelmcchill
59%
Pride 2024 Aqua Axolotls VelvetIsCake
59%
Party 2 Aqua Axolotls VelvetIsCake
59%
Haunted Hoedown Green Goblins aCookieGod
57%
Pride 2024 Green Geckos Sykkuno
57%
The Ender Cup Green Geckos Sykkuno
57%
The Ender Cup Pink Parrots TinaKitten
56%
Party 2 Cyan Coyotes Capitan Gato
54%
The Ender Cup Pink Parrots DisguisedToast
54%
Pride 2024 Blue Bats TapL
54%
Haunted Hoedown Violet Vampires TapL
54%
Pride 2024 Lime Llamas Wallibear
54%
Twitch Rivals San Diego Purple Pandas Wallibear
54%
Rising 3 Pink Parrots Block Facts
53%
Twitch Rivals Europe Cyan Coyotes Jeremy Frieser
53%
Pride 2024 Pink Parrots Piso
53%
The Ender Cup Blue Bats Piso
53%
Twitch Rivals Europe Pink Parrots SandwichLord
53%
Twitch Rivals San Diego Aqua Axolotls Vixella
53%
Twitch Rivals Europe Green Geckos coldified
52%
Twitch Rivals Europe Aqua Axolotls JackManifoldTV
52%
Pride 2024 Yellow Yaks Krinios
52%
Twitch Rivals San Diego Aqua Axolotls Krinios
52%
Rising 3 Pink Parrots Squiddo
51%
Season 4 Kick-Off Blue Bats Eret
49%
Pride 2024 Red Rabbits Eret
49%
Pride 2024 Orange Ocelots Mogswamp
49%
Twitch Rivals San Diego Purple Pandas Mogswamp
49%
Haunted Hoedown Lime Liches Mogswamp
49%
Twitch Rivals Europe Blue Bats Fulham
48%
Rising 3 Blue Bats Plushy33
48%
Twitch Rivals Europe Pink Parrots FitMC
46%
The Ender Cup Red Rabbits Katherine Elizabeth
45%
Twitch Rivals San Diego Red Rabbits BaboAbe
44%
The Ender Cup Green Geckos blaustoise
43%
Pride 2024 Yellow Yaks Mysticat
43%
Twitch Rivals Europe Aqua Axolotls LexieMariex
42%
Pride 2024 Purple Pandas Hrry
41%
Haunted Hoedown Orange Oozes Ryguyrocky
40%
Twitch Rivals San Diego Green Geckos Steven Suptic
40%
Rising 3 Aqua Axolotls CherriFire
39%
Pride 2024 Orange Ocelots acho
38%
Party 2 Cyan Coyotes AQUINO
38%
Pride 2024 Green Geckos LilyPichu
38%
Rising 3 Yellow Yaks AbolishRegret
36%
Pride 2024 Pink Parrots apokuna
36%
Party 2 Cyan Coyotes Soarinng
35%
Twitch Rivals Europe Green Geckos AnsiChan
34%
Twitch Rivals Europe Green Geckos Serpias
34%
Rising 3 Blue Bats BearsCancelled
33%
Twitch Rivals Europe Purple Pandas Fabo
28%
Twitch Rivals Europe Purple Pandas LetsHugo
28%
Twitch Rivals Europe Lime Llamas Cydonia
27%
Rising 3 Aqua Axolotls rusty_courage
27%
Pride 2024 Purple Pandas Sarahsera
27%
Twitch Rivals Europe Purple Pandas Wichtiger
27%
Rising 3 Blue Bats Defectt
26%
Twitch Rivals Europe Purple Pandas nooreax
25%
Rising 3 Cyan Coyotes WithMayX
24%
Twitch Rivals Europe Red Rabbits aypierre
23%
Pride 2024 Purple Pandas BobaWitch
23%
Rising 3 Blue Bats Gigithepuppy
21%
Rising 3 Cyan Coyotes LynxyLiam
21%
Twitch Rivals Europe Red Rabbits TheGuill84
21%
Twitch Rivals Europe Red Rabbits MathoX
20%
Rising 3 Aqua Axolotls TibbyCaps
19%
Rising 3 Orange Ocelots HiImCC
18%
Rising 3 Yellow Yaks ImaShep
18%
Rising 3 Yellow Yaks watermunch
17%
Rising 3 Lime Llamas Graaavel
15%
Rising 3 Red Rabbits Rubyco
15%
Twitch Rivals Europe Red Rabbits Skyyart
14%
Rising 3 Lime Llamas Scuffed_Sushi
13%
Rising 3 Red Rabbits AvidMc
12%
Rising 3 Cyan Coyotes KatieGoBrr
12%
Rising 3 Yellow Yaks Maezes
12%
Rising 3 Aqua Axolotls Hydraticc
11%
Rising 3 Purple Pandas queen_ov_drama
11%
Rising 3 Cyan Coyotes Paeadams
10%
Rising 3 Green Geckos RoseThunder
10%
Rising 3 Red Rabbits vintage_applesauce
10%
Rising 3 Lime Llamas ArtemisAblaze
9%
Rising 3 Red Rabbits CodeNeon
9%
Rising 3 Purple Pandas LaKitty101
9%
Rising 3 Orange Ocelots garlicmint
8%
Rising 3 Purple Pandas Chunk Purse
6%
Rising 3 Purple Pandas CozyCrafted
6%
Rising 3 Orange Ocelots misfitclover
6%
Rising 3 Green Geckos LydRay18
5%
Rising 3 Orange Ocelots Sinnabuns
5%
Rising 3 Green Geckos Wondernat
4%
No matching quizzes found
Score Distribution
Percent of People with Each Score
Percentile by Number Answered
Your Score History
You have not taken this quiz